| 000 | 00719nam a22002537a 4500 | ||
|---|---|---|---|
| 003 | LK-CoMWRAF | ||
| 005 | 20231127150009.0 | ||
| 008 | 231015b2002 |||||||| |||| 00| 0 eng d | ||
| 020 | _a1588260119 | ||
| 040 |
_aLK-CoMWRAF _dLK-CoMWRAF _eLK-CoMWRAF |
||
| 041 | _aeng | ||
| 082 |
_a909.82 _bINT |
||
| 245 | _aIntroducing global issues | ||
| 250 | _a2nd ed. | ||
| 260 |
_aBoulder: _bL. Rienner Publishers, _c2002 |
||
| 300 |
_aix, 341 p. : ill., maps ; 23 cm. _bBibliography and index included |
||
| 650 | _aWORLD POLITICS | ||
| 650 | _aInternational economic relations. | ||
| 650 | _aSocial history | ||
| 650 | _aEcology. | ||
| 700 |
_aSnarr, Michael T. _eed. |
||
| 700 |
_aSnarr, Neil _eed. |
||
| 942 | _cBK | ||
| 999 |
_c3884 _d3884 |
||